[Event "Hold-DM i hurtigskak 2025"]
[Site "Middelfart"]
[Date "2025.06.08"]
[Round "6.3"]
[White "Kristensen, Kaare Hove"]
[Black "Lindfeldt, Magnus"]
[Result "1/2-1/2"]
[WhiteElo "2272"]
[BlackElo "2275"]
[EventDate "2025.06.08"]
[EventType "team-tourn"]
[EventRounds "6"]
[EventCountry "DEN"]
[SourceTitle "Live v. Kasper Jerwiarz"]
[WhiteTeam "Nordkalotten"]
[BlackTeam "SK 1968"]

1. Nf3 g6 2. d4 Bg7 3. e4 d6 4. c4 Bg4 5. Be2 Nc6 6. d5 Bxf3 7. Bxf3 Nd4 8. Qa4+ c6 9. dxc6 bxc6 10. Bd1 Nf6 11. Nc3 O-O 12. Be3 e5 13. O-O Nd7 14. Bxd4 exd4 15. Ne2 Qb6 16. Qc2 Nc5 17. Nc1 Rfe8 18. Bf3 Rab8 19. Rb1 a5 20. Rd1 h5 21. g3 Re7 22. Ne2 d3 23. Rxd3 Nxd3 24. Qxd3 Qc5 25. b3 Reb7 26. Kg2 a4 27. Nf4 axb3 28. axb3 Qa3 29. Bd1 Be5 30. Qe3 Qa7 31. Qd2 Qd4 32. Qxd4 Bxd4 33. Nd3 Ra7 34. Kf3 Ra1 35. Rxa1 Bxa1 36. Ke3 Kf8 37. Bc2 Ke7 38. h4 Bc3 39. f3 Ba5 40. f4 Bb6+ 41. Ke2 Bd4 42. Ne1 Ra8 43. Nf3 Bc5 44. e5 Ra2 45. exd6+ Bxd6 46. Kd3 c5 47. Nd2 Ra1 48. Ne4 f5 49. Nc3 Kf7 50. Ne2 Be7 51. Ke3 Bf6 52. Kd3 Ra8 53. Ke3 Re8+ 54. Kd3 Bd4 55. Nxd4 Rd8 56. Kc3 Rxd4 57. b4 Rd8 58. bxc5 Ke6 59. Ba4 Ra8 60. Kb4 Rb8+ 61. Bb5 Ra8 62. Ba4 Rb8+ 63. Bb5 Rd8 64. Kc3 Rf8 65. Kd4 1/2-1/2

[Event "Hold-DM i hurtigskak 2025"]
[Site "Middelfart"]
[Date "2025.06.08"]
[Round "6.4"]
[White "Hansen, Lars"]
[Black "Jakobsen, Peter"]
[Result "1-0"]
[WhiteElo "2202"]
[BlackElo "2164"]
[EventDate "2025.06.08"]
[EventType "team-tourn"]
[EventRounds "6"]
[EventCountry "DEN"]
[SourceTitle "Live v. Kasper Jerwiarz"]
[WhiteTeam "SK 1968"]
[BlackTeam "Nordkalotten"]

1. Nf3 Nf6 2. e3 b6 3. b3 Bb7 4. Bb2 e6 5. c4 c5 6. Nc3 d5 7. cxd5 exd5 8. d4 cxd4 9. Nxd4 Bc5 10. Be2 O-O 11. O-O Qe7 12. a3 Nc6 13. Ncb5 a6 14. Nxc6 Bxc6 15. Nd4 Bb7 16. b4 Bd6 17. Nf5 Qe6 18. Bg4 Nxg4 19. Qxg4 Be5 20. Bxe5 Qxe5 21. Rac1 g6 22. Nd4 Qd6 23. Rc3 Rac8 24. Rfc1 Rxc3 25. Rxc3 Re8 26. h4 h5 27. Qg5 Rc8 28. Nf5 Qd7 29. Ne7+ 1-0

[Event "Hold-DM i hurtigskak 2025"]
[Site "Middelfart"]
[Date "2025.06.08"]
[Round "6.1"]
[White "Loftgaard, Mikkel Vinh"]
[Black "Fedder, Steen"]
[Result "1-0"]
[WhiteElo "2325"]
[BlackElo "2406"]
[EventDate "2025.06.08"]
[EventType "team-tourn"]
[EventRounds "6"]
[EventCountry "DEN"]
[SourceTitle "Live v. Kasper Jerwiarz"]
[WhiteTeam "Laeseforeningen"]
[BlackTeam "FOHR"]

1. e4 e5 2. Nf3 Nc6 3. d4 exd4 4. c3 d3 5. Bxd3 d6 6. O-O Nf6 7. Bg5 Be7 8. Nbd2 O-O 9. Qc2 h6 10. Bh4 Re8 11. Rfe1 Ng4 12. Bg3 Bf6 13. Nc4 b5 14. Ne3 Nxe3 15. Rxe3 Rb8 16. Rd1 b4 17. e5 Be7 18. Bh7+ Kh8 19. Be4 Bd7 20. exd6 Bxd6 21. Bxd6 cxd6 22. Rxd6 Qc7 23. Qd2 Rbd8 24. cxb4 f5 25. Bxc6 Bxc6 26. Rxe8+ Rxe8 27. h3 Bxf3 28. gxf3 Qc4 29. Qc3 Qf4 30. Rg6 Re7 31. Kg2 Kh7 32. Rg3 Rc7 33. Qe3 Qxb4 34. Qe6 Qf8 35. Qg6+ Kh8 36. f4 Qa8+ 37. Kh2 Qd5 38. Re3 Rc8 39. Re8+ Rxe8 40. Qxe8+ Kh7 41. Qe5 Qd3 42. Qe3 Qa6 43. a3 g5 44. fxg5 Qd6+ 45. Kg2 a6 46. gxh6 f4 47. Qe4+ Kxh6 48. Kf3 Qd1+ 49. Kxf4 Qd2+ 50. Kf5 Qxb2 51. Qe6+ Kh7 52. Qg6+ 1-0

[Event "Hold-DM i hurtigskak 2025"]
[Site "Middelfart"]
[Date "2025.06.08"]
[Round "6.2"]
[White "Hansen, Jacob Ost"]
[Black "Sandmann, Villads Majvang"]
[Result "0-1"]
[WhiteElo "2328"]
[BlackElo "2070"]
[EventDate "2025.06.08"]
[EventType "team-tourn"]
[EventRounds "6"]
[EventCountry "DEN"]
[SourceTitle "Live v. Kasper Jerwiarz"]
[WhiteTeam "FOHR"]
[BlackTeam "Laeseforeningen"]

1. g3 e5 2. c4 c6 3. d4 e4 4. Bg2 d5 5. Nc3 Bb4 6. Qb3 Ba5 7. Nh3 dxc4 8. Qxc4 Be6 9. Qa4 b5 10. Qd1 f5 11. O-O Nf6 12. Bg5 O-O 13. Nf4 Bf7 14. f3 exf3 15. Bxf3 h6 16. Bxf6 Qxf6 17. e4 fxe4 18. Nxe4 Qd8 19. Nc5 Re8 20. Bh5 Bxh5 21. Nxh5 Qg5 0-1

[Event "Hold-DM i hurtigskak 2025"]
[Site "Middelfart"]
[Date "2025.06.08"]
[Round "6.3"]
[White "Topholm, Morten"]
[Black "Hoi, Carsten"]
[Result "0-1"]
[WhiteElo "2052"]
[BlackElo "2320"]
[EventDate "2025.06.08"]
[EventType "team-tourn"]
[EventRounds "6"]
[EventCountry "DEN"]
[SourceTitle "Live v. Kasper Jerwiarz"]
[WhiteTeam "Laeseforeningen"]
[BlackTeam "FOHR"]

1. e4 e5 2. Nf3 Nc6 3. d4 exd4 4. Bc4 d6 5. Nxd4 g6 6. Nxc6 bxc6 7. Nc3 Bg7 8. O-O Be6 9. Qe2 Ne7 10. f4 Bxc4 11. Qxc4 d5 12. Qa4 d4 13. f5 dxc3 14. f6 Bxf6 15. Rxf6 O-O 16. bxc3 Kg7 17. e5 Qd5 18. Bf4 Qc5+ 19. Kh1 Qxc3 20. Rf1 Rad8 21. Qe4 Rd4 22. Qe2 Qc4 23. Qg4 Qxf1# 0-1

[Event "Hold-DM i hurtigskak 2025"]
[Site "Middelfart"]
[Date "2025.06.08"]
[Round "6.4"]
[White "Rosenlund, Thorbjorn"]
[Black "Christensen, Soren"]
[Result "0-1"]
[WhiteElo "2029"]
[BlackElo "1875"]
[EventDate "2025.06.08"]
[EventType "team-tourn"]
[EventRounds "6"]
[EventCountry "DEN"]
[SourceTitle "Live v. Kasper Jerwiarz"]
[WhiteTeam "FOHR"]
[BlackTeam "Laeseforeningen"]

1. Nf3 Nf6 2. c4 c5 3. g3 b6 4. Bg2 Bb7 5. O-O g6 6. b3 Bg7 7. Bb2 O-O 8. d4 cxd4 9. Qxd4 Nc6 10. Qd2 d5 11. cxd5 Qxd5 12. Nd4 Ne4 13. Bxe4 Qxe4 14. Nf3 Rfd8 15. Qc1 Qxe2 16. Nbd2 Ne5 17. Bxe5 Bxf3 18. Nxf3 Qxf3 19. Bxg7 Kxg7 20. Re1 Rd7 21. Re3 Qf6 22. Qc3 Rad8 23. a4 Rd2 24. Rf3 Qxc3 25. Rxc3 Rb2 26. a5 b5 27. Re1 Rdd2 28. Rf3 e6 29. a6 Ra2 30. Rc1 Rxa6 31. Rc7 Kh6 32. Rfxf7 Kg5 33. Rxh7 Raa2 34. Rhf7 a5 35. Kg2 Rab2 36. h4+ Kh5 37. Kh3 g5 38. Rh7+ Kg6 39. Rcg7+ Kf6 40. hxg5+ Ke5 41. Rf7 Rxf2 42. g6 Rf6 43. g7 Rxf7 44. g8=Q Rxh7+ 45. Qxh7 Rxb3 46. Qc7+ Kd5 47. Qxa5 e5 48. Qd8+ Ke4 49. Kh4 b4 50. Qd1 Rd3 51. Qe1+ Kd5 52. Qxb4 Rd4+ 53. Qxd4+ exd4 0-1

[Event "Hold-DM i hurtigskak 2025"]
[Site "Middelfart"]
[Date "2025.06.08"]
[Round "6.1"]
[White "Medhus, Vitus Bondo"]
[Black "Veiergang, Oscar Jacob"]
[Result "1-0"]
[WhiteElo "2309"]
[BlackElo "2028"]
[EventDate "2025.06.08"]
[EventType "team-tourn"]
[EventRounds "6"]
[EventCountry "DEN"]
[SourceTitle "Live v. Kasper Jerwiarz"]
[WhiteTeam "Skakklubben Evans"]
[BlackTeam "Skak for Sjov"]

1. e4 e5 2. Nf3 Nc6 3. Nc3 Nf6 4. Bb5 Nd4 5. Bc4 Bc5 6. d3 d6 7. Nxd4 Bxd4 8. Ne2 Bb6 9. O-O h6 10. Ng3 O-O 11. Be3 d5 12. Bxb6 axb6 13. Bb3 c6 14. Qc1 Qd6 15. Qe3 b5 16. exd5 Nxd5 17. Bxd5 Qxd5 18. a3 Be6 19. Rae1 f6 20. f4 exf4 21. Rxf4 Rae8 22. Rd4 Qc5 23. Ne4 Qxc2 24. Re2 Qd1+ 25. Re1 Qc2 26. Rb4 Bg4 1-0

[Event "Hold-DM i hurtigskak 2025"]
[Site "Middelfart"]
[Date "2025.06.08"]
[Round "6.2"]
[White "Slavensky, Asbjorn Vesterkaer"]
[Black "Skaanning Pedersen, Kim Henrik"]
[Result "0-1"]
[WhiteElo "2027"]
[BlackElo "2271"]
[EventDate "2025.06.08"]
[EventType "team-tourn"]
[EventRounds "6"]
[EventCountry "DEN"]
[SourceTitle "Live v. Kasper Jerwiarz"]
[WhiteTeam "Skak for Sjov"]
[BlackTeam "Skakklubben Evans"]

1. d4 c5 2. d5 g6 3. c4 d6 4. Nc3 Bg7 5. Nf3 Bxc3+ 6. bxc3 e5 7. e4 Nd7 8. Bg5 f6 9. Be3 Qe7 10. Qd2 f5 11. exf5 gxf5 12. Bg5 Ngf6 13. Nh4 Nf8 14. Be2 Ng6 15. Bh5 Qf7 16. Bxf6 Qxf6 17. g3 Bd7 18. Qh6 O-O-O 19. Bxg6 hxg6 20. Qxg6 Qf8 21. Qg5 Rg8 22. Qd2 Rg4 23. O-O-O Rxc4 24. Ng2 Qf6 25. Ne3 Ra4 26. Qb2 f4 27. Nf1 Bg4 28. Rd2 Rf8 29. Qb3 Ra6 30. Rg1 Bh3 31. f3 fxg3 32. Nxg3 Qxf3 33. Qc2 Rf4 34. Rd3 Qf2 35. Qxf2 Rxf2 36. Ne4 Rxh2 37. Rg8+ Kc7 38. Rg7+ Kb6 39. Nxd6 Raxa2 40. Rxb7+ Ka6 41. Rb1 Bg4 0-1

[Event "Hold-DM i hurtigskak 2025"]
[Site "Middelfart"]
[Date "2025.06.08"]
[Round "6.3"]
[White "Kristensen, Frank Bitsch"]
[Black "Skovgaard, Andreas"]
[Result "1-0"]
[WhiteElo "1996"]
[BlackElo "2055"]
[EventDate "2025.06.08"]
[EventType "team-tourn"]
[EventRounds "6"]
[EventCountry "DEN"]
[SourceTitle "Live v. Kasper Jerwiarz"]
[WhiteTeam "Skakklubben Evans"]
[BlackTeam "Skak for Sjov"]

1. e4 c5 2. Nf3 d6 3. d4 cxd4 4. Nxd4 Nf6 5. Nc3 a6 6. Be2 e5 7. Nb3 Be6 8. Be3 Nbd7 9. O-O Rc8 10. f3 Be7 11. Kh1 h6 12. Rf2 Nb6 13. Bf1 O-O 14. Rd2 Nc4 15. Bxc4 Rxc4 16. a4 Qc7 17. a5 Rxc3 18. bxc3 Rc8 19. Rd3 Bc4 20. Bb6 Qc6 21. Re3 Nd7 22. Nd2 Nxb6 23. axb6 Be6 24. c4 Ra8 25. Rb3 Bd8 26. Qb1 a5 27. Rb5 Bg5 28. Nb3 Qxc4 29. Nxa5 Qd4 30. Rb4 Qc3 31. Rba4 Bf4 32. Nxb7 Rxa4 33. Rxa4 d5 34. exd5 Bxd5 35. Nd6 Bxf3 36. Qf1 Qc6 37. b7 Qxd6 1-0

[Event "Hold-DM i hurtigskak 2025"]
[Site "Middelfart"]
[Date "2025.06.08"]
[Round "6.4"]
[White "Lassen, Mathias Damsgaard"]
[Black "Medhus, Jesper Bondo"]
[Result "1-0"]
[WhiteElo "1649"]
[BlackElo "1549"]
[EventDate "2025.06.08"]
[EventType "team-tourn"]
[EventRounds "6"]
[EventCountry "DEN"]
[SourceTitle "Live v. Kasper Jerwiarz"]
[WhiteTeam "Skak for Sjov"]
[BlackTeam "Skakklubben Evans"]

1. e4 e5 2. Nf3 Nc6 3. Bc4 Bc5 4. O-O Nf6 5. d4 exd4 6. e5 d5 7. exf6 dxc4 8. fxg7 Rg8 9. Re1+ Be6 10. Bg5 Be7 11. Bxe7 Qxe7 12. Nxd4 O-O-O 13. Nxc6 bxc6 14. Qf3 Bg4 15. Qxg4+ Kb8 16. Rxe7 Rxg7 17. Qe2 Rg6 18. Re8 1-0

[Event "Hold-DM i hurtigskak 2025"]
[Site "Middelfart"]
[Date "2025.06.08"]
[Round "6.1"]
[White "Jacobsen, Mikkel Manosri"]
[Black "Thorsbro, Peter"]
[Result "1/2-1/2"]
[WhiteElo "2268"]
[BlackElo "2220"]
[EventDate "2025.06.08"]
[EventType "team-tourn"]
[EventRounds "6"]
[EventCountry "DEN"]
[SourceTitle "Live v. Kasper Jerwiarz"]
[WhiteTeam "BMS"]
[BlackTeam "Fureso"]

1. d4 d5 2. Nf3 e6 3. Bf4 Bd6 4. e3 c5 5. Nbd2 Qc7 6. Bxd6 Qxd6 7. c3 Nc6 8. Bb5 Nge7 9. O-O O-O 10. Qe2 a6 11. Bxc6 Nxc6 12. e4 cxd4 13. e5 Qe7 14. cxd4 Bd7 15. Rfc1 Rfc8 16. Nb3 b6 17. Rc3 Nb4 18. Rxc8+ Rxc8 19. a3 Bb5 20. Qd2 Nc6 21. Rc1 Qd7 22. Rc3 Na7 23. h4 Ba4 24. Na1 Rxc3 25. Qxc3 Bd1 26. Ne1 Qc6 27. Qd2 Bh5 28. Nac2 a5 29. Ne3 Bg6 30. g4 h6 31. h5 Be4 32. f3 Bh7 33. Kf2 Qc7 34. f4 Be4 35. Nf3 Bxf3 36. Kxf3 Nb5 37. g5 hxg5 38. fxg5 Qe7 39. Ng4 Qc7 40. a4 Na7 41. h6 Qc4 42. Kg2 Nc6 43. hxg7 Nxd4 44. Kf2 Nf5 45. Nf6+ Kxg7 46. Ke1 Qh4+ 47. Kd1 Qxa4+ 48. Kc1 Qa1+ 49. Kc2 Qg1 50. Nh5+ Kf8 51. Nf6 Kg7 52. Nh5+ Kf8 53. Nf6 Nd4+ 54. Kd3 Nf3 55. Qf4 Nxg5 56. Qxg5 Qxg5 57. Nh7+ Kg7 58. Nxg5 Kg6 59. Nf3 f6 60. Kd4 Kf5 61. exf6 Kxf6 62. Ne5 Kf5 63. Nc6 a4 64. Ne5 b5 65. Nc6 Kf4 66. Kc5 Ke3 67. Kxb5 d4 68. Kxa4 d3 69. Ne5 d2 70. Nc4+ Kd3 71. Nxd2 Kxd2 72. b4 e5 73. b5 e4 74. b6 e3 75. b7 e2 76. b8=Q e1=Q 77. Qb4+ Ke2 78. Qxe1+ Kxe1 1/2-1/2

[Event "Hold-DM i hurtigskak 2025"]
[Site "Middelfart"]
[Date "2025.06.08"]
[Round "6.2"]
[White "Damm, Kasper Wilken"]
[Black "Kistrup, Nicolai"]
[Result "1/2-1/2"]
[WhiteElo "2185"]
[BlackElo "2430"]
[EventDate "2025.06.08"]
[EventType "team-tourn"]
[EventRounds "6"]
[EventCountry "DEN"]
[SourceTitle "Live v. Kasper Jerwiarz"]
[WhiteTeam "Fureso"]
[BlackTeam "BMS"]

1. e4 c5 2. Nf3 d6 3. d4 cxd4 4. Nxd4 Nf6 5. Nc3 a6 6. h3 e6 7. g4 d5 8. Bg2 Nxe4 9. Nxe4 dxe4 10. Bxe4 e5 11. Ne2 Qxd1+ 12. Kxd1 Nc6 13. Be3 Be6 14. c3 h5 15. g5 Be7 16. b3 a5 17. Kc2 a4 18. b4 Bc4 19. Bd3 Bd5 20. Rhg1 O-O 21. Ng3 g6 22. Ne4 Kg7 23. a3 Rfd8 24. c4 Be6 25. h4 Bxb4 26. Bb6 Ba5 27. Bxd8 Nd4+ 28. Kb2 Rxd8 29. Rgd1 Bg4 30. Bc2 Bxd1 31. Rxd1 Nf3 32. Rxd8 Bxd8 33. Bxa4 Nxh4 34. Bd1 Nf5 35. c5 Nd4 36. a4 Ne6 37. Kc3 Nxg5 38. Nxg5 Bxg5 39. Bf3 Bd8 40. Bxb7 Kf8 41. Kc4 Ke7 42. Kb5 Kd7 43. a5 Kc7 44. Bc6 Kb8 45. Be8 h4 46. Bxf7 g5 47. Be6 Ka7 48. Bf5 Bc7 49. a6 Bd8 50. f3 Be7 51. Bh3 Bf8 52. Bf1 Be7 53. c6 Bd6 54. Bh3 Bc7 55. Bc8 Kb8 56. Bh3 Ka7 57. Bc8 1/2-1/2

[Event "Hold-DM i hurtigskak 2025"]
[Site "Middelfart"]
[Date "2025.06.08"]
[Round "6.3"]
[White "Falkesgaard, Jeppe Hald"]
[Black "Sorensen, Reto Utiger"]
[Result "1/2-1/2"]
[WhiteElo "2249"]
[BlackElo "2062"]
[EventDate "2025.06.08"]
[EventType "team-tourn"]
[EventRounds "6"]
[EventCountry "DEN"]
[SourceTitle "Live v. Kasper Jerwiarz"]
[WhiteTeam "BMS"]
[BlackTeam "Fureso"]

1. c4 Nf6 2. Nc3 g6 3. d4 Bg7 4. e4 d6 5. h3 a6 6. Be3 Nc6 7. Nf3 O-O 8. Be2 e5 9. Qd2 exd4 10. Nxd4 Bd7 11. O-O Re8 12. Qc2 Nxe4 13. Nxc6 Bxc6 14. Nd5 Rc8 15. Bf3 Ng5 16. Bg4 f5 17. Be2 Ne4 18. Bd3 Qh4 19. Rad1 Kh8 20. Rfe1 h6 21. f3 Nf6 22. Bf2 Qh5 23. Nf4 Qg5 24. Ne6 Rxe6 25. Rxe6 Bxf3 26. Be3 Bxd1 27. Qxd1 Qh4 28. Bf2 Qf4 29. g3 Qg5 30. h4 Qg4 31. Be2 Qh3 32. Bf1 Qg4 33. Be2 Qh3 1/2-1/2

[Event "Hold-DM i hurtigskak 2025"]
[Site "Middelfart"]
[Date "2025.06.08"]
[Round "6.4"]
[White "Jensen, Christian Skov"]
[Black "Jalving, August"]
[Result "0-1"]
[WhiteElo "1919"]
[BlackElo "2014"]
[EventDate "2025.06.08"]
[EventType "team-tourn"]
[EventRounds "6"]
[EventCountry "DEN"]
[SourceTitle "Live v. Kasper Jerwiarz"]
[WhiteTeam "Fureso"]
[BlackTeam "BMS"]

1. d4 Nf6 2. Bg5 d5 3. e3 c5 4. c3 Ne4 5. Bh4 Qb6 6. b3 cxd4 7. exd4 Bf5 8. Bd3 e6 9. Ne2 Nc6 10. O-O Nd6 11. Re1 Be7 12. Bg3 Bxd3 13. Qxd3 O-O 14. Nd2 Rac8 15. h4 Qd8 16. h5 h6 17. Nf4 Nf5 18. Rac1 Bd6 19. Ne2 Nxg3 20. Nxg3 Qg5 21. Ndf1 Rce8 22. Rc2 f5 23. Qf3 f4 24. Ne2 Kh8 25. Nh2 Rf5 26. Ng4 Qxh5 27. Nc1 Qf7 28. Nd3 h5 29. Nge5 Nxe5 30. Nxe5 Bxe5 31. Rxe5 Rxe5 32. dxe5 Qf5 33. Re2 g6 34. c4 Rd8 35. Qc3 d4 36. Qd2 h4 37. f3 Kg7 38. Re4 d3 39. Kh2 Qg5 40. Kg1 h3 41. g4 Qh4 42. Rxf4 Qg3+ 43. Kh1 h2 0-1